शोध प्राविधि के आयाम / (Record no. 200548)
[ view plain ]
| 000 -LEADER | |
|---|---|
| fixed length control field | 01185nam a22002057a 4500 |
| 005 - DATE AND TIME OF LATEST TRANSACTION | |
| control field | 20240209171309.0 |
| 010 ## - LCCN (DPL NO) | |
| LC control number | B-757322-324 |
| 020 ## - INTERNATIONAL STANDARD BOOK NUMBER | |
| Terms of availability | 695.000 |
| International Standard Book Number | 9789393010247 |
| 035 ## - SYSTEM CONTROL NUMBER | |
| System control number | B-757322-324 |
| 037 ## - SOURCE OF ACQUISITION | |
| Source of stock number/acquisition | सानिया पब्लिकेशन |
| 082 ## - DEWEY DECIMAL CLASSIFICATION NUMBER | |
| Classification number | 001.42 |
| 245 ## - TITLE STATEMENT | |
| Title | शोध प्राविधि के आयाम / |
| Statement of responsibility, etc | संप. - मनमीत कौर , प्रेम प्रकाश |
| 260 ## - PUBLICATION, DISTRIBUTION, ETC. (IMPRINT) | |
| Place of publication, distribution, etc | दिल्ली |
| Name of publisher, distributor, etc | सानिया पब्लिकेशन |
| Date of publication, distribution, etc | 2023 |
| 270 ## - ADDRESS | |
| Address | 323,गली नं. 15, कर्दम पूरी एक्सटेंशन |
| City | दिल्ली |
| Postal code | 110094 |
| 300 ## - PHYSICAL DESCRIPTION | |
| Extent | 224 पृ.. |
| Dimensions | 22सेमी (सजिल्द) |
| 700 ## - ADDED ENTRY--PERSONAL NAME | |
| Personal name | कौर , मनमीत |
| 9 (RLIN) | 61637 |
| 700 ## - ADDED ENTRY--PERSONAL NAME | |
| Personal name | प्रेम प्रकाश |
| 9 (RLIN) | 61638 |
| 942 ## - ADDED ENTRY ELEMENTS (KOHA) | |
| Source of classification or shelving scheme | Dewey Decimal Classification |
| Item type | Hindi Books |
| Classification part | 001.42 |
| Call number suffix | शोधप्र |
| Withdrawn status | Lost status | Not for loan | Collection code | Home library | Current library | Date acquired | Source of acquisition | Cost, normal purchase price | Full call number | Barcode | Copy number | Cost, replacement price | Koha item type |
|---|---|---|---|---|---|---|---|---|---|---|---|---|---|
| Non-fiction | Central Jail Tihar | Central Jail Tihar | 09/02/2024 | सानिया पब्लिकेशन/322/15.1.24/145/9.1.24/16.1.24 | 695.00 | 001.42 शोधप्र | B-757323 | 1 | 695.00 | Hindi Books | |||
| Non-fiction | Central Library | Central Library | 09/02/2024 | सानिया पब्लिकेशन/322/15.1.24/145/9.1.24/16.1.24 | 695.00 | 001.42 शोधप्र | B-757322 | 1 | 695.00 | Hindi Books | |||
| Non-fiction | Shahdara Branch | Shahdara Branch | 09/02/2024 | सानिया पब्लिकेशन/322/15.1.24/145/9.1.24/16.1.24 | 695.00 | 001.42 शोधप्र | B-757324 | 1 | 695.00 | Hindi Books |
